Neupersische Konversations Grammatik mit besonderer Berücksichtigung der modernen Schriftsprache

Bibliographic Details
Main Author: Beck, Sebastian (Author)
Format: Book
Language:German
PhysicalDescription:495 s. [4] obr. príl. 8°
Published: Heidelberg Julius Groos 1914
Subjects:

MARC

LEADER 00000nam a2200000 a 4500
001 vtls001057468
003 SK-MaSNL
005 20260301224104.0
008 251124s1914 DE 0 ger
035 |a SNK000000268 
040 |a SNK  |b slo  |c SNK  |e AACR2 
041 0 |a ger 
044 |a DE 
080 |a 809.155-5(075)  |2 1981 
100 1 |a Beck, Sebastian  |4 aut  |9 615868 
245 1 0 |a Neupersische Konversations  |b Grammatik mit besonderer Berücksichtigung der modernen Schriftsprache  |c Sebastian Beck 
260 |a Heidelberg  |b Julius Groos  |c 1914  |e Darmstadt  |f C. F. Winter 
300 |a 495 s.  |b [4] obr. príl.  |c 8° 
650 0 7 |a perzština  |2 SNKPH  |9 2046 
650 0 7 |a gramatika  |2 SNKPH  |9 865 
958 |a ONDV 
958 |a RK 
999 |c 945994  |d 947924 
952 |a SNK  |b SNK  |y VYP  |7 0  |p 17A7633231  |o snkID 51919  |i snkK 1736/70  |8 3  |0 0  |1 0  |4 0  |d 1995-02-01  |l 0  |r 2004-12-31 00:00:00  |w 2026-02-24